00423nam a2200169Ia 4500003000400000005001700004008004100021020001500062050002400077100001800101245005000119260003500169300002800204440000600232521000700238526000800245OSt20140311163115.0140130s9999 xx 000 0 und d a0590509624 aPZ 7b.D121B20 1996 aDadey, Debbie aWizards don't need computers /cDebbie Dadey. bScholastic,c1996.aNew York : a63 p. :bill. ;c18 cm. v1 aG3 c580